000 nam a22 4500
999 _c13750
_d13748
003 000
005 20190725112545.0
008 000
020 _a1 56608 002 9
040 _c000
082 _aCS/808.5'43CAS
245 _aCreative Ideas for Preparation and Performance
_cCassady, Marsh
250 _a1st ed
260 _aColorado
_bMeriwether Publishing Ltd
_c1994
300 _a22cm
942 _2ddc
_cCIRC